000 00882nas a2200265 4500
001 BR9605704
003 BR-BrBNA
005 20231205095842.0
007 ta
008 230509b bl.|||p| |||| 00| 00por d
040 _aBR-BrBNA
_bpor
_cBiblioteca Nacional de Agricultura
041 _a(Pt)
072 _aH10
100 1 _aDidonet, J.
100 1 _aZanuncio, J.C.
100 1 _aSediyama, C.S.
100 1 _aPicanco, M.C.
245 1 _aDesenvolvimento e sobrevivencia ninfal de Podisus nigrispinus (Dallas)e Supputius cincticeps (Stal)(Heteroptera, Pentatomidae)em diferentes temperaturas
650 _aHeteroptero
650 _aInseto para Controle Biologico
650 _aBiologia
773 0 _tRevista Brasileira de Zoologia (Brazil)
_xISSN 0101-8175
_g(Sep 1995), v. 12(3) p. 513-518
_wBR9605704
909 _a202311
_bLúcia
_c55
_dLúcia Elande
942 _2AGRIS
_n0
_cANA
999 _c153074
_d153074